| 000 | 00678nam a22002177a 4500 | ||
|---|---|---|---|
| 999 |
_c9422 _d9422 |
||
| 003 | AR-CdUCM | ||
| 008 | 190328b ||||| |||| 00| 0 eng d | ||
| 020 | _a978-612-4299-80-3 | ||
| 040 |
_aMUNICIPALIDAD PROVINCIAL DEL CUSCO _cBIBLIOTECA MUNICIPAL DEL CUSCO |
||
| 041 | _hspa | ||
| 082 |
_aEP / 869.56 / _bC96 |
||
| 100 |
_aCuster, Tony _925601 |
||
| 245 | _aEl osezno Febezno en Konkilandia / | ||
| 260 |
_aLima : _bSantillana, _bLoquleo, _c2017. |
||
| 300 |
_a74 páginas ; _bilustraciones a color, _c19 cm. |
||
| 650 |
_aCuentos infantiles peruanos _93914 |
||
| 650 |
_aSiglo XX _98 |
||
| 700 |
_aSáez, Rubén (Ilustrador) _925602 |
||
| 942 |
_2ddc _cLIBROS |
||
| 945 | _araen | ||